000 00917nas a2200265Ia 4500
001 R703/49206
003 IT-RoPAU
008 151124c99999999xx |||||||||||| ||und||
040 _aIT-RoPAU
040 _cIT-RoPAU
041 _aFRANCESE
100 _aAA.VV.
_gCodice Aut. SPICS: 12000
210 _aSEMIOTICA
222 _aSemiotica
245 _aSEMIOTICA, VOL.01-N.2 (1969)
_bSemiotica, Vol.01-N.2 (1969)
250 _a1a ed.
260 _aLA HAYE
_bMOUTON & CO
_c1969
501 _bPaulus - SPICS - Società San Paolo EM (non-commercial uses only)
_cCopyright2015
300 _a96 p.
310 _aTRIMESTRALE
362 _aVOL.01, N.02 (1969)
500 _aContributi di Autori Vari Sulla Semiologia della Lingua, Linguaggio, Dizionario, Semiollogia in Russia Dalle Relazioni Sui Colloqui di Tartu Avvenutidal 10 al 20 Maggio 1968.
650 _aSEMIOTICA
_vPUBBLICAZIONE PERIODICA
942 _cCR
999 _c181749
_d181749